Primeval forests of Finland : (Record no. 3618)

MARC details
000 -LEADER
fixed length control field 00554nam a2200169 4500
001 - CONTROL NUMBER
control field 4377
005 - DATE AND TIME OF LATEST TRANSACTION
control field 20181127173301.0
020 00 - INTERNATIONAL STANDARD BOOK NUMBER
International Standard Book Number 9789523010208
090 00 - LOCALLY ASSIGNED LC-TYPE CALL NUMBER (OCLC); LOCAL CALL NUMBER (RLIN)
Classification number (OCLC) (R) ; Classification number, CALL (RLIN) (NR) 333.75094897
245 00 - TITLE STATEMENT
Title Primeval forests of Finland :
Remainder of title Cultural history ecology and conservation /
Statement of responsibility, etc. Petri Keto Tokoi and Timo Kuuluvainen.
Medium
260 00 - PUBLICATION, DISTRIBUTION, ETC.
Place of publication, distribution, etc. [Finland] :
Name of publisher, distributor, etc. Maahenki,
Date of publication, distribution, etc. 2014.
300 00 - PHYSICAL DESCRIPTION
Extent iv, 301 p. : col. ill. ; 25 cm.
650 ## - SUBJECT ADDED ENTRY--TOPICAL TERM
Topical term or geographic name entry element Finland.
Form subdivision
General subdivision
Chronological subdivision
Geographic subdivision
Source of heading or term
Topical term or geographic name entry element Forests and forestry.
Form subdivision
General subdivision
Chronological subdivision
Geographic subdivision
Source of heading or term
Topical term or geographic name entry element Ecology --Bhutan.
General subdivision
Topical term or geographic name entry element Forests and forestry --Finland.
General subdivision
Holdings
Withdrawn status Lost status Source of classification or shelving scheme Damaged status Not for loan Collection code Home library Current library Shelving location Serial Enumeration / chronology Inventory number Total Checkouts Full call number Barcode Date last seen Price effective from Koha item type
    Dewey Decimal Classification     Main TEST RTC Library RTC Library Main opac 7921   333.75094 TAR 30007022 27/11/2018 27/11/2018 Main
Royal Thimphu College || All Right Reserved